000 00383nam a2200145Ia 4500
008 240729s9999 xx 000 0 und d
022 _a2223-506X
245 0 _aQScience Connect
260 _aQatar
260 _bHamad Bin Khalifa University Press
650 _aGeneral Works
856 _uhttps://doaj.org/toc/90b4470ce4a743e99a1e62e7fb46a24b
942 _2ddc
942 _cDOAJEJ
999 _c73359
_d73359
945 _a1
_bMadushi Gamage
_c1
_dMadushi Gamage